[Event "DVM U14 2016"]
[Site "Düsseldorf GER"]
[Date "2016.12.29"]
[Round "6"]
[White "Engert, Kiyan"]
[Black "Zyla, Lennert"]
[Result "0-1"]
[Termination "normal"]
[Board "2.3"]
[WhiteElo "1472"]
[BlackElo "1813"]
[WhiteClock "00:15:38"]
[BlackClock "00:15:57"]
[WhiteTeam "Biebertaler SF"]
[BlackTeam "SG Porz"]
[PlyCount "130"]
[WhiteFideId "16214870"]
[BlackFideId "12981567"]
[EventCountry "GER"]
[EventRounds "7"]
[EventType "team-swiss"]
[EventDate "2016.12.26"]

1. d4 {[%clk 1:30:57]} Nf6 {[%clk 1:30:53]} 2. Nf3 {[%clk 1:31:10]} g6 {[%clk
1:31:11]} 3. Bg5 {[%clk 1:31:25]} d5 {[%clk 1:31:26]} 4. e3 {[%clk 1:30:59]}
Bg7 {[%clk 1:31:38]} 5. Be2 {[%clk 1:30:16]} O-O {[%clk 1:31:38]} 6. O-O {[%clk
1:30:32]} c5 {[%clk 1:31:14]} 7. c3 {[%clk 1:27:55]} Nc6 {[%clk 1:30:32]} 8.
Nbd2 {[%clk 1:25:24]} Re8 {[%clk 1:25:48]} 9. Re1 {[%clk 1:20:11]} a6 {[%clk
1:23:49]} 10. a4 {[%clk 1:17:32]} h5 {[%clk 1:20:53]} 11. dxc5 {[%clk 1:11:18]}
Qc7 {[%clk 1:16:39]} 12. b4 {[%clk 1:01:50]} Nh7 {[%clk 1:09:07]} 13. Qb3
{[%clk 0:57:58]} Nxg5 {[%clk 1:05:26]} 14. Nxg5 {[%clk 0:58:00]} Qe5 15. Nde4
{[%clk 0:41:19]} Qf5 {[%clk 0:54:19]} 16. Bd3 {[%clk 0:27:47]} dxe4 {[%clk
0:53:03]} 17. Nxe4 {[%clk 0:27:46]} Be6 {[%clk 0:47:47]} 18. Qc2 {[%clk
0:26:30]} Qe5 {[%clk 0:46:25]} 19. f4 {[%clk 0:25:50]} Qc7 {[%clk 0:45:22]} 20.
Ng5 {[%clk 0:22:47]} Nd8 {[%clk 0:35:42]} 21. Rad1 {[%clk 0:20:12]} Bg4 {[%clk
0:31:14]} 22. Rd2 {[%clk 0:18:21]} e5 {[%clk 0:25:55]} 23. f5 {[%clk 0:16:46]}
f6 {[%clk 0:20:02]} 24. Bc4+ {[%clk 0:14:38]} Kh8 {[%clk 0:19:44]} 25. Rxd8
{[%clk 0:13:35]} Bxf5 26. Nf7+ {[%clk 0:12:28]} Kh7 {[%clk 0:18:36]} 27. Rxe8
{[%clk 0:11:06]} Rxe8 {[%clk 0:17:38]} 28. e4 {[%clk 0:11:17]} Be6 {[%clk
0:17:12]} 29. Bxe6 {[%clk 0:11:31]} Rxe6 {[%clk 0:17:39]} 30. Nd6 {[%clk
0:11:45]} b6 {[%clk 0:17:29]} 31. Qf2 {[%clk 0:10:13]} Bf8 {[%clk 0:17:33]} 32.
Rd1 {[%clk 0:09:49]} Bxd6 {[%clk 0:17:45]} 33. cxd6 {[%clk 0:09:46]} Rxd6
{[%clk 0:18:07]} 34. Rxd6 {[%clk 0:09:56]} Qxd6 {[%clk 0:18:35]} 35. h3 {[%clk
0:09:52]} Qc6 {[%clk 0:14:49]} 36. b5 {[%clk 0:07:44]} axb5 {[%clk 0:13:08]}
37. axb5 {[%clk 0:08:07]} Qxb5 {[%clk 0:12:28]} 38. Qxf6 {[%clk 0:08:25]} Qb1+
{[%clk 0:12:49]} 39. Kh2 {[%clk 0:08:27]} Qxe4 {[%clk 0:13:11]} 40. Qxb6 {[%clk
0:08:33]} Qf4+ {[%clk 0:13:33]} 41. Kh1 {[%clk 0:06:30]} Qc1+ {[%clk 0:13:33]}
42. Kh2 {[%clk 0:04:40]} Qxc3 {[%clk 0:13:51]} 43. Qb7+ {[%clk 0:04:27]} Kh6
{[%clk 0:12:26]} 44. Qb8 {[%clk 0:02:17]} Kg7 {[%clk 0:01:44]} 45. Qa7+ {[%clk
0:30:09]} Kf6 {[%clk 0:30:44]} 46. Qb6+ {[%clk 0:28:31]} Kf5 {[%clk 0:26:55]}
47. Qf2+ {[%clk 0:26:02]} Kg5 {[%clk 0:23:13]} 48. g3 {[%clk 0:24:03]} Qd4
{[%clk 0:21:24]} 49. h4+ {[%clk 0:23:20]} Kg4 {[%clk 0:20:34]} 50. Qe2+ {[%clk
0:23:03]} Kf5 {[%clk 0:20:57]} 51. Qf3+ {[%clk 0:23:02]} Ke6 {[%clk 0:21:18]}
52. Qc6+ {[%clk 0:22:45]} Qd6 {[%clk 0:21:01]} 53. Qc8+ {[%clk 0:21:23]} Kf6
{[%clk 0:19:18]} 54. Qc2 {[%clk 0:20:15]} Qd5 {[%clk 0:18:06]} 55. Qf2+ {[%clk
0:20:03]} Ke6 {[%clk 0:17:38]} 56. Qb6+ {[%clk 0:20:05]} Kf5 {[%clk 0:17:55]}
57. Qf2+ {[%clk 0:19:56]} Kg4 {[%clk 0:17:47]} 58. Qe2+ {[%clk 0:19:49]} Qf3
{[%clk 0:18:08]} 59. Qc4+ {[%clk 0:19:53]} e4 {[%clk 0:18:15]} 60. Qc8+ {[%clk
0:17:19]} Qf5 {[%clk 0:18:23]} 61. Qc2 {[%clk 0:17:12]} Qd5 {[%clk 0:16:11]}
62. Qg2 {[%clk 0:15:55]} Qd3 {[%clk 0:15:27]} 63. Qh3+ {[%clk 0:15:58]} Kf3
{[%clk 0:15:44]} 64. Qg2+ {[%clk 0:15:30]} Ke3 {[%clk 0:15:56]} 65. Qg1+ {[%clk
0:15:38]} Kd2 {[%clk 0:15:57]} 0-1

[Event "DVM U14 2016"]
[Site "Düsseldorf GER"]
[Date "2016.12.29"]
[Round "6"]
[White "Sewald, Richard"]
[Black "Limpert, Tillmann"]
[Result "1-0"]
[Termination "normal"]
[Board "2.4"]
[WhiteElo "1710"]
[BlackElo "1486"]
[WhiteClock "00:45:19"]
[BlackClock "00:17:35"]
[WhiteTeam "SG Porz"]
[BlackTeam "Biebertaler SF"]
[PlyCount "93"]
[WhiteFideId "12983586"]
[BlackFideId "16213254"]
[EventCountry "GER"]
[EventRounds "7"]
[EventType "team-swiss"]
[EventDate "2016.12.26"]

1. Nf3 {[%clk 1:30:57]} d5 {[%clk 1:29:03]} 2. g3 {[%clk 1:31:18]} Nf6 {[%clk
1:27:39]} 3. Bg2 {[%clk 1:31:40]} Bf5 {[%clk 1:26:20]} 4. O-O {[%clk 1:31:20]}
Nc6 {[%clk 1:26:15]} 5. d3 {[%clk 1:30:48]} Bg4 {[%clk 1:22:32]} 6. Nbd2 {[%clk
1:30:39]} e5 {[%clk 1:20:23]} 7. c3 {[%clk 1:29:25]} Bd6 {[%clk 1:19:34]} 8. e4
{[%clk 1:28:08]} dxe4 {[%clk 1:17:30]} 9. Nxe4 {[%clk 1:28:04]} Nxe4 {[%clk
1:16:17]} 10. dxe4 {[%clk 1:28:28]} O-O {[%clk 1:13:03]} 11. Be3 {[%clk
1:27:34]} Qd7 {[%clk 1:11:57]} 12. Qc2 {[%clk 1:26:49]} h6 {[%clk 1:11:03]} 13.
Rad1 {[%clk 1:26:25]} Qe6 {[%clk 1:10:47]} 14. b3 {[%clk 1:25:26]} f5 {[%clk
1:03:29]} 15. Rd2 {[%clk 1:10:20]} f4 {[%clk 1:03:06]} 16. gxf4 {[%clk
1:10:26]} exf4 {[%clk 1:02:58]} 17. Bd4 {[%clk 1:09:38]} Bxf3 {[%clk 1:02:22]}
18. Bxf3 {[%clk 1:09:28]} g5 19. e5 {[%clk 1:07:19]} Bxe5 {[%clk 0:47:15]} 20.
Bxe5 {[%clk 1:07:24]} Qxe5 {[%clk 0:44:48]} 21. Qg6+ {[%clk 1:07:36]} Qg7
{[%clk 0:44:47]} 22. Qxg7+ {[%clk 1:06:13]} Kxg7 {[%clk 0:45:06]} 23. Bxc6
{[%clk 1:06:33]} bxc6 {[%clk 0:45:24]} 24. Rd7+ {[%clk 1:06:34]} Rf7 {[%clk
0:45:28]} 25. Rfd1 {[%clk 1:06:26]} Raf8 {[%clk 0:45:05]} 26. R7d4 {[%clk
1:06:26]} Kg6 {[%clk 0:43:41]} 27. Ra4 {[%clk 1:05:57]} Ra8 {[%clk 0:40:50]}
28. Ra6 {[%clk 1:06:48]} Kh5 {[%clk 0:41:08]} 29. Rxc6 {[%clk 1:07:00]} Re7
{[%clk 0:38:54]} 30. Kg2 {[%clk 1:05:02]} a6 {[%clk 0:36:23]} 31. Kf3 {[%clk
1:04:22]} Ra7 {[%clk 0:34:53]} 32. h3 {[%clk 1:02:38]} Rf7 {[%clk 0:33:26]} 33.
Rd5 {[%clk 1:00:52]} Rh7 {[%clk 0:30:10]} 34. Ra5 {[%clk 0:59:01]} Rd7 {[%clk
0:30:29]} 35. c4 {[%clk 0:52:06]} Rd6 {[%clk 0:30:15]} 36. Rxd6 {[%clk
0:50:20]} cxd6 {[%clk 0:30:35]} 37. Rd5 {[%clk 0:50:44]} Rd7 {[%clk 0:29:46]}
38. c5 {[%clk 0:50:45]} Rc7 {[%clk 0:28:50]} 39. cxd6 {[%clk 0:50:12]} Rd7
{[%clk 0:27:18]} 40. b4 {[%clk 0:50:09]} Kg6 {[%clk 0:25:46]} 41. a4 {[%clk
0:49:20]} Kf6 {[%clk 0:25:36]} 42. b5 {[%clk 0:48:04]} axb5 {[%clk 0:25:24]}
43. axb5 {[%clk 0:48:29]} Ke6 {[%clk 0:25:37]} 44. Ke4 {[%clk 0:47:39]} Kf6
{[%clk 0:23:59]} 45. b6 {[%clk 0:46:00]} Ke6 {[%clk 0:24:15]} 46. f3 {[%clk
0:45:49]} g4 {[%clk 0:17:35]} 47. hxg4 {[%clk 0:45:19]} 1-0

[Event "DVM U14 2016"]
[Site "Düsseldorf GER"]
[Date "2016.12.29"]
[Round "6"]
[White "Wong, Gengchun"]
[Black "Dietz, Florian"]
[Result "0-1"]
[Termination "normal"]
[Board "3.1"]
[WhiteElo "2076"]
[BlackElo "1922"]
[WhiteTeam "SV Dresden-Leuben"]
[BlackTeam "Reideburger SV 90 Halle"]
[PlyCount "32"]
[WhiteFideId "12963283"]
[BlackFideId "12939897"]
[EventCountry "GER"]
[EventRounds "7"]
[EventType "team-swiss"]
[EventDate "2016.12.26"]

1. e4 c5 2. Nf3 Nc6 3. d4 cxd4 4. Nxd4 g6 5. Nc3 Bg7 6. Be3 Nf6 7. Bc4 O-O 8.
Bb3 Re8 9. f3 e6 10. O-O d5 11. exd5 Nxd5 12. Nxd5 exd5 13. Bf2 Qg5 14. Kh1 Qh5
15. Re1 Rxe1+ 16. Qxe1 Bxd4 0-1

[Event "DVM U14 2016"]
[Site "Düsseldorf GER"]
[Date "2016.12.29"]
[Round "6"]
[White "Post, Hugo"]
[Black "Bui, Hai Lam"]
[Result "1-0"]
[Termination "normal"]
[Board "3.2"]
[WhiteElo "1862"]
[BlackElo "1922"]
[WhiteTeam "Reideburger SV 90 Halle"]
[BlackTeam "SV Dresden-Leuben"]
[PlyCount "115"]
[WhiteFideId "12962490"]
[BlackFideId "12975737"]
[EventCountry "GER"]
[EventRounds "7"]
[EventType "team-swiss"]
[EventDate "2016.12.26"]

1. e4 e6 2. d4 d5 3. Nd2 Nf6 4. e5 Nfd7 5. Bd3 c5 6. c3 Nc6 7. Ne2 cxd4 8. cxd4
f6 9. exf6 Nxf6 10. O-O Bd6 11. Nf3 Qc7 12. a3 O-O 13. Qc2 Kh8 14. b4 a6 15.
Bb2 Qb8 16. Rfe1 e5 17. dxe5 Nxe5 18. Nxe5 Bxe5 19. Bxe5 Qxe5 20. Ng3 Qg5 21.
h3 Bd7 22. Qc1 Qh4 23. Qb2 Rf7 24. Rac1 Raf8 25. Re2 Bxh3 26. gxh3 Qxh3 27. Bf5
Ng4 28. Bxg4 Qxg4 29. Qe5 Rf3 30. Rc3 R3f4 31. Rd3 h6 32. Qxd5 Rc4 33. Rd1 Rf3
34. Re8+ Kh7 35. Qg8+ Kg6 36. Re6+ Rf6 37. Rxf6+ Kxf6 38. Rd6+ Ke7 39. Qd8+ Kf7
40. Rd7+ Kg6 41. Qe7 Kh7 42. Qd6 Rc3 43. a4 Qf3 44. Qd2 Kh8 45. Rxb7 h5 46.
Rb8+ Kh7 47. Qd4 Rc1+ 48. Kh2 Re1 49. Qc5 g6 50. Qf8 Qxf8 51. Rxf8 h4 52. Nh1
Re4 53. Rb8 a5 54. bxa5 Rxa4 55. Ra8 Kg7 56. a6 g5 57. f3 Ra2+ 58. Kh3 1-0

[Event "DVM U14 2016"]
[Site "Düsseldorf GER"]
[Date "2016.12.29"]
[Round "6"]
[White "Bui, Ngoc Han Julia"]
[Black "Henning, Marvin"]
[Result "0-1"]
[Termination "normal"]
[Board "3.3"]
[WhiteElo "1773"]
[BlackElo "1935"]
[WhiteTeam "SV Dresden-Leuben"]
[BlackTeam "Reideburger SV 90 Halle"]
[PlyCount "152"]
[WhiteFideId "12977055"]
[BlackFideId "12957399"]
[EventCountry "GER"]
[EventRounds "7"]
[EventType "team-swiss"]
[EventDate "2016.12.26"]

1. e4 d6 2. d4 g6 3. Nc3 Bg7 4. f4 a6 5. Nf3 b5 6. Bd3 Bb7 7. e5 e6 8. Qe2 Ne7
9. Ne4 Nbc6 10. a4 b4 11. O-O Nf5 12. Be3 Nxe3 13. Qxe3 Ne7 14. Qe1 Nd5 15.
Nfd2 O-O 16. Nc4 dxe5 17. dxe5 Qe7 18. Na5 Rfb8 19. Qe2 Nxf4 20. Rxf4 Bxe5 21.
Rff1 Bxb2 22. Rab1 Bd4+ 23. Kh1 c5 24. Nxb7 Rxb7 25. Bxa6 Rba7 26. Bb5 Rd8 27.
Rbd1 Rd5 28. Nd2 Re5 29. Qc4 Re3 30. Nf3 Rc3 31. Qe2 Bf6 32. Rd3 Rxd3 33. Qxd3
Bc3 34. Rd1 Kg7 35. Qd8 Kf6 36. Rd7 Qxd8 37. Rxd8 Ke7 38. Rd1 f5 39. Kg1 e5 40.
Kf2 e4 41. Nd2 Ke6 42. Nc4 Bd4+ 43. Ke2 g5 44. a5 f4 45. Bc6 Kf5 46. Nd6+ Ke5
47. Nxe4 Rc7 48. Ba8 Ra7 49. Bc6 Rc7 50. Nxg5 Rxc6 51. Nf3+ Ke4 52. Nxd4 cxd4
53. Kd2 Rg6 54. Re1+ Kd5 55. Re2 Ra6 56. Re7 Rxa5 57. Rxh7 Ra1 58. Rf7 Rf1 59.
Ke2 Rc1 60. Kd2 Rf1 61. h4 Rf2+ 62. Kd3 Rxg2 63. Rxf4 Rg3+ 64. Kd2 Rh3 65. Rg4
Kc4 66. Rf4 Rh2+ 67. Kc1 b3 68. cxb3+ Kc3 69. Kd1 Rh1+ 70. Ke2 d3+ 71. Ke3 Rh3+
72. Kf2 d2 73. Rc4+ Kxb3 74. Rd4 Kc2 75. Kg2 Rd3 76. Rc4+ Rc3 0-1

[Event "DVM U14 2016"]
[Site "Düsseldorf GER"]
[Date "2016.12.29"]
[Round "6"]
[White "Schlosser, Justin"]
[Black "Wong, Kar Yan"]
[Result "0-1"]
[Termination "normal"]
[Board "3.4"]
[WhiteElo "1638"]
[BlackElo "1537"]
[WhiteTeam "Reideburger SV 90 Halle"]
[BlackTeam "SV Dresden-Leuben"]
[PlyCount "138"]
[WhiteFideId "12993700"]
[BlackFideId "12971855"]
[EventCountry "GER"]
[EventRounds "7"]
[EventType "team-swiss"]
[EventDate "2016.12.26"]

1. e4 c5 2. Nf3 d6 3. Bb5+ Bd7 4. Bxd7+ Qxd7 5. c4 Nc6 6. Nc3 Nf6 7. d3 g6 8.
O-O Bg7 9. h3 O-O 10. Be3 a6 11. Qd2 e6 12. Bh6 Nd4 13. Nxd4 cxd4 14. Ne2 e5
15. Bxg7 Kxg7 16. f4 Ng8 17. f5 h6 18. g4 g5 19. Ng3 Nf6 20. Rf2 Rh8 21. Rc1
Qe7 22. Rh2 Rag8 23. b3 Kf8 24. Qe2 b6 25. Qf3 Rh7 26. Rg2 Rgh8 27. Nh5 Nxh5
28. gxh5 f6 29. Kh2 Qe8 30. Rgc2 a5 31. Qe2 Rg8 32. Qg4 Re7 33. Qe2 Kg7 34. Kg3
Kh7 35. Kg4 Qc6 36. Qd2 Qc5 37. Rb1 Qb4 38. Qxb4 axb4 39. Rbc1 Ra8 40. Kf3 Rea7
41. Ra1 Ra3 42. Rcc1 Rxa2 43. Rab1 Rh2 44. Kg3 Raa2 45. Rg1 Rhd2 46. Rbd1 Rxd1
47. Rxd1 Kg7 48. Kf3 Kf7 49. Kg3 Ke7 50. Kg4 Rb2 51. Kf3 Rxb3 52. Ke2 Rb2+ 53.
Rd2 Rb3 54. Rc2 Ra3 55. Kd2 Kd7 56. Rb2 Kc6 57. Kc2 Kc5 58. Rb3 Ra1 59. Rb1
Rxb1 60. Kxb1 b5 61. cxb5 Kxb5 62. Kb2 Ka4 63. Ka2 b3+ 64. Kb1 Kb5 65. Ka1 Kc5
66. Kb1 d5 67. Kb2 dxe4 68. Kxb3 exd3 69. Kb2 e4 0-1

[Event "DVM U14 2016"]
[Site "Düsseldorf GER"]
[Date "2016.12.29"]
[Round "6"]
[White "Garbuz, Vitaliy"]
[Black "Pfreundt, Mathis"]
[Result "0-1"]
[Termination "normal"]
[Board "4.1"]
[WhiteElo "1865"]
[BlackElo "1898"]
[WhiteTeam "SF Brackel"]
[BlackTeam "Königsspringer SC"]
[PlyCount "122"]
[WhiteFideId "12990710"]
[BlackFideId "12967092"]
[EventCountry "GER"]
[EventRounds "7"]
[EventType "team-swiss"]
[EventDate "2016.12.26"]

1. e4 c5 2. d4 cxd4 3. c3 d5 4. exd5 Qxd5 5. cxd4 Nc6 6. Nf3 e5 7. Nc3 Bb4 8.
Bd2 Bxc3 9. Bxc3 e4 10. Ne5 Nxe5 11. dxe5 Ne7 12. Qa4+ Bd7 13. Qa3 Qe6 14. Rd1
O-O 15. Rd6 Qf5 16. Be2 Bc6 17. O-O Ng6 18. Qc5 Rfe8 19. Rfd1 Qg5 20. Qe3 Qxe3
21. fxe3 Nxe5 22. Bxe5 Rxe5 23. Bc4 Rc8 24. Bd5 Bxd5 25. R6xd5 Rxd5 26. Rxd5
Kf8 27. Rb5 Rc7 28. Kf2 b6 29. Kg3 f6 30. Rb4 Rc2 31. Rxe4 Rxb2 32. a4 Rd2 33.
Rc4 Ke7 34. Kf3 Rd7 35. Ke4 Rb7 36. Rb4 Ke6 37. Rb5 a6 38. Rb4 b5 39. axb5 axb5
40. Kd4 Kd6 41. Rb2 b4 42. Rb3 Rb8 43. Rd3 Ke6 44. Kc4 Ke5 45. Kb3 Rb7 46. Rd4
f5 47. Rc4 g5 48. g3 Rb6 49. h4 g4 50. Rf4 h5 51. Rc4 Rb7 52. Rc8 Ke4 53. Rh8
Kxe3 54. Rxh5 Rb5 55. Rh8 Kf3 56. h5 Kxg3 57. h6 Rb6 58. h7 Rh6 59. Rf8 f4 60.
h8=Q Rxh8 61. Rxh8 f3 0-1

[Event "DVM U14 2016"]
[Site "Düsseldorf GER"]
[Date "2016.12.29"]
[Round "6"]
[White "Kipke, Kevin"]
[Black "Kartsev, Nikolaj"]
[Result "0-1"]
[Termination "normal"]
[Board "4.2"]
[WhiteElo "1623"]
[BlackElo "1739"]
[WhiteTeam "Königsspringer SC"]
[BlackTeam "SF Brackel"]
[PlyCount "44"]
[WhiteFideId "12988332"]
[BlackFideId "12939536"]
[EventCountry "GER"]
[EventRounds "7"]
[EventType "team-swiss"]
[EventDate "2016.12.26"]

1. e4 c5 2. Nf3 d6 3. d4 cxd4 4. Nxd4 Nf6 5. f3 Nc6 6. Be3 e6 7. c4 Be7 8. Nc3
O-O 9. Nc2 b6 10. Be2 Bb7 11. Qd2 Ne5 12. Rd1 Rc8 13. b3 a6 14. Bg5 h6 15. Bh4
Qd7 16. O-O Nxe4 17. Nxe4 Bxe4 18. fxe4 Bxh4 19. Qxd6 Qxd6 20. Rxd6 Be7 21.
Rxb6 Bc5+ 22. Kh1 Bxb6 0-1

[Event "DVM U14 2016"]
[Site "Düsseldorf GER"]
[Date "2016.12.29"]
[Round "6"]
[White "Kracht, Raphael"]
[Black "Samson, Valentin"]
[Result "0-1"]
[Termination "normal"]
[Board "4.3"]
[WhiteElo "1639"]
[BlackElo "1577"]
[WhiteTeam "SF Brackel"]
[BlackTeam "Königsspringer SC"]
[PlyCount "84"]
[WhiteFideId "16214382"]
[BlackFideId "36020656"]
[EventCountry "GER"]
[EventRounds "7"]
[EventType "team-swiss"]
[EventDate "2016.12.26"]

1. e4 e6 2. d4 d5 3. Nd2 Nc6 4. Ngf3 Nf6 5. e5 Nd7 6. c3 f6 7. exf6 Qxf6 8. Bb5
Bd6 9. O-O O-O 10. Re1 e5 11. Qb3 Qf7 12. Bxc6 bxc6 13. dxe5 Nxe5 14. Qd1 Bg4
15. h3 Nxf3+ 16. Nxf3 Bxf3 17. Qxf3 Qxf3 18. gxf3 Rxf3 19. Kg2 Rff8 20. Be3
Rab8 21. b3 a6 22. Rac1 c5 23. Rcd1 c6 24. Bg5 Rbe8 25. Be3 Re6 26. Bd2 Rfe8
27. Rxe6 Rxe6 28. Re1 Kf7 29. Rxe6 Kxe6 30. Kf3 Kf5 31. Be3 Be5 32. Bd2 d4 33.
c4 g5 34. Ke2 Bf4 35. Ba5 g4 36. hxg4+ Kxg4 37. f3+ Kg3 38. Bd8 Kg2 39. Ba5 h5
40. Bd8 Bg3 41. Bg5 h4 42. f4 h3 0-1

[Event "DVM U14 2016"]
[Site "Düsseldorf GER"]
[Date "2016.12.29"]
[Round "6"]
[White "Kipke, Mark"]
[Black "Seref, Erdogan"]
[Result "0-1"]
[Termination "normal"]
[Board "4.4"]
[WhiteElo "1568"]
[BlackElo "1724"]
[WhiteTeam "Königsspringer SC"]
[BlackTeam "SF Brackel"]
[PlyCount "56"]
[WhiteFideId "16217616"]
[BlackFideId "16206827"]
[EventCountry "GER"]
[EventRounds "7"]
[EventType "team-swiss"]
[EventDate "2016.12.26"]

1. e4 e6 2. d3 d5 3. Nd2 c5 4. Ngf3 Nc6 5. g3 Bd6 6. Bg2 Nge7 7. O-O O-O 8. Re1
Qc7 9. Nf1 b6 10. c3 Bb7 11. Qe2 dxe4 12. dxe4 Ng6 13. Be3 Nge5 14. Qc2 Nxf3+
15. Bxf3 Rfd8 16. Nd2 Ne5 17. Bg2 Rac8 18. f4 Ng4 19. Nf3 Rd7 20. Ng5 Be7 21.
Nf3 Rcd8 22. h3 Nxe3 23. Rxe3 Qb8 24. Rae1 Qa8 25. Kh2 Bf6 26. e5 Be7 27. f5
Bxf3 28. fxe6 fxe6 0-1

[Event "DVM U14 2016"]
[Site "Düsseldorf GER"]
[Date "2016.12.29"]
[Round "6"]
[White "Huber, Benedikt"]
[Black "Lichtmannecker, Daniel"]
[Result "1/2-1/2"]
[Termination "normal"]
[Board "5.1"]
[WhiteElo "1869"]
[BlackElo "1684"]
[WhiteTeam "SK München Südost"]
[BlackTeam "FC Ergolding"]
[PlyCount "109"]
[WhiteFideId "12923583"]
[BlackFideId "12979414"]
[EventCountry "GER"]
[EventRounds "7"]
[EventType "team-swiss"]
[EventDate "2016.12.26"]

1. f4 d5 2. Nf3 Nf6 3. e3 e6 4. b3 Bd6 5. Bb2 c5 6. d3 Nc6 7. Nbd2 b6 8. Ne5
Bxe5 9. fxe5 Nd7 10. Qg4 g6 11. Nf3 Bb7 12. h4 Qc7 13. Qf4 h6 14. Be2 Rh7 15.
Nh2 Nb4 16. Bd1 O-O-O 17. O-O Rdh8 18. Ng4 Qd8 19. Nf6 Nxf6 20. Qxf6 Qxf6 21.
Rxf6 Kd7 22. a3 Nc6 23. Bf3 Ne7 24. Bg4 Nf5 25. Bxf5 gxf5 26. a4 Rg8 27. Rf1
Rg4 28. Rf4 Rxf4 29. exf4 d4 30. Kf2 h5 31. g3 Ke8 32. Bc1 Kf8 33. Bd2 a5 34.
Be1 Kg7 35. Ke2 Rh8 36. Kd2 Ra8 37. g4 hxg4 38. h5 Rh8 39. h6+ Rxh6 40. Rxh6
Kxh6 41. Bg3 Kh5 42. Ke1 Bc6 43. Ke2 b5 44. axb5 Bxb5 45. Kd2 a4 46. bxa4 Bxa4
47. c3 dxc3+ 48. Kxc3 Bb5 49. Kd2 Kg6 50. Bh4 Kh5 51. Bg3 Kg6 52. Bh4 g3 53.
Bxg3 f6 54. exf6 Kxf6 55. Bf2 1/2-1/2

[Event "DVM U14 2016"]
[Site "Düsseldorf GER"]
[Date "2016.12.29"]
[Round "6"]
[White "Astner, Sebastian"]
[Black "Lohvinov, Petro"]
[Result "1/2-1/2"]
[Termination "normal"]
[Board "5.2"]
[WhiteElo "1804"]
[BlackElo "1714"]
[WhiteTeam "FC Ergolding"]
[BlackTeam "SK München Südost"]
[PlyCount "89"]
[WhiteFideId "12979422"]
[BlackFideId "14176661"]
[EventCountry "GER"]
[EventRounds "7"]
[EventType "team-swiss"]
[EventDate "2016.12.26"]

1. e4 c5 2. Nc3 a6 3. f4 b5 4. Nf3 Bb7 5. d3 e6 6. g3 d5 7. Bg2 dxe4 8. Nxe4
Be7 9. Be3 Qc7 10. Qe2 Nd7 11. O-O Ngf6 12. Ned2 O-O 13. Rad1 Nd5 14. Bf2 Rfe8
15. Ne4 Rad8 16. c3 N7f6 17. Qc2 Ng4 18. Rfe1 Nxf2 19. Nxf2 c4 20. d4 Nf6 21.
a3 a5 22. f5 exf5 23. Qxf5 b4 24. axb4 axb4 25. Ng4 Nxg4 26. Qxg4 bxc3 27. bxc3
Bf6 28. Nd2 Bxg2 29. Kxg2 g6 30. Qf3 Bg7 31. Ne4 f5 32. Ng5 Qd6 33. Qb7 Qf6 34.
Rxe8+ Rxe8 35. Qd5+ Kh8 36. Nf7+ Kg8 37. Nd6+ Qe6 38. Qxe6+ Rxe6 39. Nxc4 Rc6
40. Na5 Rxc3 41. d5 Rc7 42. Nc6 Rd7 43. Kf3 Bf8 44. Kf4 Bd6+ 45. Kf3 1/2-1/2

[Event "DVM U14 2016"]
[Site "Düsseldorf GER"]
[Date "2016.12.29"]
[Round "6"]
[White "Grunert, Friedrich"]
[Black "Sowka, Patrick"]
[Result "1-0"]
[Termination "normal"]
[Board "5.3"]
[WhiteElo "1795"]
[BlackElo "1686"]
[WhiteTeam "SK München Südost"]
[BlackTeam "FC Ergolding"]
[PlyCount "117"]
[WhiteFideId "12995592"]
[BlackFideId "16234944"]
[EventCountry "GER"]
[EventRounds "7"]
[EventType "team-swiss"]
[EventDate "2016.12.26"]

1. e4 e5 2. Nf3 Nc6 3. Bb5 d6 4. d4 exd4 5. Nxd4 Bd7 6. Bxc6 Bxc6 7. Nxc6 bxc6
8. O-O Be7 9. Bf4 Rb8 10. b3 Nf6 11. Nc3 d5 12. e5 Nd7 13. Qg4 g5 14. Be3 Rb4
15. Qd1 Nxe5 16. Bd4 f6 17. Re1 Qd6 18. a3 Rb7 19. b4 O-O 20. Qe2 Qe6 21. Qa6
Rbb8 22. Qxa7 Qc8 23. Bxe5 fxe5 24. Qe3 Bf6 25. Qd2 Qf5 26. Rf1 Rbe8 27. Rae1
Kg7 28. Ne2 e4 29. Ng3 Qe6 30. Nh5+ Kg6 31. Nxf6 Rxf6 32. Re3 Qe5 33. Rg3 h6
34. h4 Ref8 35. hxg5 hxg5 36. Qe2 Rh8 37. Rh3 Rxh3 38. gxh3 Rf3 39. Kg2 Rxa3
40. Rh1 Rf3 41. h4 gxh4 42. Kf1 h3 43. Rxh3 Rf5 44. Qg4+ Rg5 45. Qh4 Qa1+ 46.
Ke2 Qa6+ 47. Kd2 e3+ 48. Rxe3 Qc8 49. Rh3 Qg4 50. Qxg4 Rxg4 51. Rg3 Rxg3 52.
fxg3 Kf5 53. Ke3 Kg4 54. Kf2 Kf5 55. Ke3 Ke5 56. g4 d4+ 57. Kd3 Kf4 58. Kxd4
Kxg4 59. Kc5 1-0

[Event "DVM U14 2016"]
[Site "Düsseldorf GER"]
[Date "2016.12.29"]
[Round "6"]
[White "Kühne, Maria"]
[Black "Grunert, Wilhelm"]
[Result "0-1"]
[Termination "normal"]
[Board "5.4"]
[WhiteElo "1721"]
[BlackElo "1575"]
[WhiteTeam "FC Ergolding"]
[BlackTeam "SK München Südost"]
[PlyCount "80"]
[WhiteFideId "12997412"]
[BlackFideId "12995673"]
[EventCountry "GER"]
[EventRounds "7"]
[EventType "team-swiss"]
[EventDate "2016.12.26"]

1. e4 c5 2. b3 d6 3. Bb5+ Bd7 4. Qe2 Nf6 5. Nc3 Nc6 6. Nf3 Nd4 7. Bxd7+ Qxd7 8.
Nxd4 cxd4 9. Nd1 e5 10. c3 Qc6 11. f3 dxc3 12. Nxc3 Be7 13. O-O Bd8 14. Bb2
Bb6+ 15. Kh1 O-O 16. Rac1 Qd7 17. Rfd1 Bd4 18. Rc2 Rac8 19. Rdc1 Rc6 20. Na4
Bxb2 21. Nxb2 Rxc2 22. Rxc2 Rc8 23. Qd1 Rc6 24. Qc1 Qc7 25. Rc4 d5 26. exd5
Nxd5 27. Rxc6 bxc6 28. g3 g6 29. Qc4 Qa5 30. Qxc6 Qxd2 31. Qe8+ Kg7 32. Qxe5+
f6 33. Qe8 Qc1+ 34. Kg2 Qxb2+ 35. Kh3 Qe5 36. Qd7+ Ne7 37. Qxa7 Kh6 38. Qa8 Qe2
39. Qf8+ Kh5 40. Qxf6 Qf1# 0-1

[Event "DVM U14 2016"]
[Site "Düsseldorf GER"]
[Date "2016.12.29"]
[Round "6"]
[White "Schlangenotto, Niklas"]
[Black "Enxing, Philemon"]
[Result "1/2-1/2"]
[Termination "normal"]
[Board "6.2"]
[WhiteElo "1729"]
[BlackElo "1460"]
[WhiteTeam "SK Blauer Springer Paderborn"]
[BlackTeam "SG Leipzig"]
[PlyCount "100"]
[WhiteFideId "16217560"]
[BlackFideId "16217632"]
[EventCountry "GER"]
[EventRounds "7"]
[EventType "team-swiss"]
[EventDate "2016.12.26"]

1. d4 Nf6 2. Bf4 g6 3. Nc3 Bg7 4. e4 d6 5. Qd2 O-O 6. Bh6 Nc6 7. Bxg7 Kxg7 8.
f3 e5 9. d5 Ne7 10. Bd3 c6 11. g4 cxd5 12. g5 Nh5 13. exd5 Nf4 14. Be4 Nf5 15.
h4 Qb6 16. O-O-O Ne3 17. Na4 Qa6 18. Qxe3 Qxa4 19. Kb1 b6 20. Ne2 Nxe2 21. Qxe2
Ba6 22. Qd2 Rac8 23. Qh2 Qd7 24. h5 Rh8 25. Rd2 Bb7 26. h6+ Kf8 27. Rf1 Qb5 28.
Qf2 Qa4 29. Qe3 Ke8 30. b3 Qb4 31. f4 Rc3 32. Qe1 Ba6 33. Bd3 Rxd3 34. Rxd3
Qxe1+ 35. Rxe1 Bxd3 36. cxd3 Kd7 37. fxe5 dxe5 38. Rxe5 Rc8 39. Kb2 Kd6 40. d4
a6 41. a3 Kd7 42. Re3 Kd6 43. Rc3 Rxc3 44. Kxc3 Kxd5 45. Kd3 b5 46. b4 Ke6 47.
Ke4 f5+ 48. gxf6 Kxf6 49. Kf4 Ke6 50. Kg5 Ke7 1/2-1/2